Crossing cultures in scripture : (Record no. 8691)

MARC details
000 -LEADER
fixed length control field 01441cam a2200349 i 4500
001 - CONTROL NUMBER
control field 19221193
003 - CONTROL NUMBER IDENTIFIER
control field GBCCL
005 - DATE AND TIME OF LATEST TRANSACTION
control field 20241126110656.0
008 - FIXED-LENGTH DATA ELEMENTS--GENERAL INFORMATION
fixed length control field 160808s2016 ilu b 001 0 eng
010 ## -
-- 2016036459
020 ## - INTERNATIONAL STANDARD BOOK NUMBER
International Standard Book Number 9780830844739 (pbk. : alk. paper)
040 ## - CATALOGING SOURCE
Original cataloging agency DLC
Language of cataloging eng
Transcribing agency DLC
Description conventions rda
Modifying agency DLC
042 ## -
-- pcc
050 00 -
-- BR115.C8
-- N474 2016
082 00 - DEWEY DECIMAL CLASSIFICATION NUMBER
Classification number 266
Edition information 23
Item number NEW
100 1# - MAIN ENTRY--PERSONAL NAME
Personal name Newell, Marvin J.,
Relator term author.
9 (RLIN) 15345
245 10 - TITLE STATEMENT
Title Crossing cultures in scripture :
Remainder of title biblical principles for mission practice /
Statement of responsibility, etc. Marvin J. Newell ; foreword by Patrick Fung.
264 #1 - PRODUCTION, PUBLICATION, DISTRIBUTION, MANUFACTURE, AND COPYRIGHT NOTICE
Place of production, publication, distribution, manufacture Downers Grove, Illinois :
Name of producer, publisher, distributor, manufacturer IVP Books, and imprint of InterVarsity Press,
Date of production, publication, distribution, manufacture, or copyright notice [2016]
300 ## - PHYSICAL DESCRIPTION
Extent 298 pages ;
Dimensions 23 cm
336 ## - CONTENT TYPE
Content type term text
Content type code txt
Source rdacontent
337 ## - MEDIA TYPE
Media type term unmediated
Media type code n
Source rdamedia
338 ## - CARRIER TYPE
Carrier type term volume
Carrier type code nc
Source rdacarrier
504 ## - BIBLIOGRAPHY, ETC. NOTE
Bibliography, etc. note Includes bibliographical references (pages 285-290) and indexes.
630 00 - SUBJECT ADDED ENTRY--UNIFORM TITLE
Uniform title Bible
General subdivision Criticism, interpretation, etc.
9 (RLIN) 144
650 #0 - SUBJECT ADDED ENTRY--TOPICAL TERM
Topical term or geographic name entry element Christianity and culture.
9 (RLIN) 886
650 #0 - SUBJECT ADDED ENTRY--TOPICAL TERM
Topical term or geographic name entry element Missions.
9 (RLIN) 885
650 #0 - SUBJECT ADDED ENTRY--TOPICAL TERM
Topical term or geographic name entry element Acculturation.
9 (RLIN) 15346
776 08 - ADDITIONAL PHYSICAL FORM ENTRY
Relationship information Online version:
Main entry heading Newell, Marvin J., author.
Title Crossing cultures in scripture
Place, publisher, and date of publication Downers Grove : InterVarsity Press, 2016
International Standard Book Number 9780830873333
Record control number (DLC) 2016037192
906 ## - LOCAL DATA ELEMENT F, LDF (RLIN)
a 7
b cbc
c orignew
d 1
e ecip
f 20
g y-gencatlg
942 ## - ADDED ENTRY ELEMENTS (KOHA)
Source of classification or shelving scheme Dewey Decimal Classification
Koha item type Books
Koha issues (borrowed), all copies 14
Holdings
Withdrawn status Lost status Source of classification or shelving scheme Damaged status Not for loan Home library Current Library Shelving location Date acquired Total checkouts Total renewals Full call number Barcode Date last seen Date last checked out Copy number Price effective from Koha item type
    Dewey Decimal Classification     GRACE BIBLE COLLEGE GRACE BIBLE COLLEGE Ministry & Mission 2021-08-10 7 2 266 NEW 015137 2025-05-01 2024-09-27 c.1 2021-08-10 Books
    Dewey Decimal Classification     GRACE BIBLE COLLEGE GRACE BIBLE COLLEGE Ministry & Mission 2021-08-10 5 1 266 NEW 015138 2025-09-29 2025-09-26 c.2 2021-08-10 Books
    Dewey Decimal Classification     GRACE BIBLE COLLEGE GRACE BIBLE COLLEGE Ministry & Mission 2022-01-17 5 5 266 NEW 015382 2025-10-16 2025-05-01 c.3 2022-01-17 Books
© Grace Bible College Library 2025